Normal view
MARC view
- Bodhasarananda S Pub
Entry Personal Name
001 - CONTROL NUMBER
- control field: 25859
003 - CONTROL NUMBER IDENTIFIER
- control field: OSt
005 - DATE AND TIME OF LATEST TRANSACTION
- control field: 20220803172608.0
008 - FIXED-LENGTH DATA ELEMENTS
- fixed length control field: 220803|| aca||aabn | a|a d
040 ## - CATALOGING SOURCE
- Original cataloging agency: OSt
- Transcribing agency: OSt
100 ## - HEADING--PERSONAL NAME
- Personal name: Bodhasarananda S Pub
670 ## - SOURCE DATA FOUND
- Source citation: Work cat.: (OSt)16578: Bodhasarananda S Pub., Complete Works Of Swami Vivekananda 1, 2013